MARC details
| 000 -LEADER |
| fixed length control field |
01156nam a2200241Ia 4500 |
| 003 - CONTROL NUMBER IDENTIFIER |
| control field |
IN-BaIIA |
| 008 - FIXED-LENGTH DATA ELEMENTS--GENERAL INFORMATION |
| fixed length control field |
211028s9999 xx 000 0 eng d |
| 020 ## - INTERNATIONAL STANDARD BOOK NUMBER |
| International Standard Book Number |
0-89766-708-5 |
| 040 ## - CATALOGING SOURCE |
| Transcribing agency |
IIA Library |
| 080 ## - UNIVERSAL DECIMAL CLASSIFICATION NUMBER |
| Universal Decimal Classification number |
524.834(063) |
| Item number |
REL |
| 111 ## - MAIN ENTRY--MEETING NAME |
| Meeting name or jurisdiction name as entry element |
Texas/ European Southern Observatory/-Symposium Artificial Intelligence for Science, Industry Symposium on Relativistic Astrophysics, Cosmology and Fundamental Physics |
| Location of meeting |
Brighton |
| Date of meeting or treaty signing |
1991 Dec. 16-21 |
| 9 (RLIN) |
19366 |
| 245 #0 - TITLE STATEMENT |
| Title |
Relativistic Astrophysics, cosmology and fundamental Physics |
| Remainder of title |
proceedings of Texas/ ESO/-Symposium Artificial Intelligence for Science, Industry Symposium on Relativistic Astrophysics, cosmology and fundamental Physics, held in Brighton, UK, 16-21 Dec 1991 |
| Statement of responsibility, etc. |
edited by John D Barrow and Leon Mestel |
| 260 ## - PUBLICATION, DISTRIBUTION, ETC. |
| Place of publication, distribution, etc. |
New York |
| Name of publisher, distributor, etc. |
The New York Academy of Sciences |
| Date of publication, distribution, etc. |
1991 |
| 300 ## - PHYSICAL DESCRIPTION |
| Extent |
[various pagings.] |
| 650 ## - SUBJECT ADDED ENTRY--TOPICAL TERM |
| Topical term or geographic name entry element |
Astronomy and Astrophysics thesaurus |
| 650 ## - SUBJECT ADDED ENTRY--TOPICAL TERM |
| Topical term or geographic name entry element |
Astrophysics |
| 9 (RLIN) |
794 |
| 650 ## - SUBJECT ADDED ENTRY--TOPICAL TERM |
| Topical term or geographic name entry element |
Cosmology |
| 650 ## - SUBJECT ADDED ENTRY--TOPICAL TERM |
| Topical term or geographic name entry element |
General Relativity |
| 9 (RLIN) |
3824 |
| 650 ## - SUBJECT ADDED ENTRY--TOPICAL TERM |
| Topical term or geographic name entry element |
Relativistic cosmology |
| 9 (RLIN) |
6459 |
| 700 ## - ADDED ENTRY--PERSONAL NAME |
| Personal name |
Barrow, John D., ed. |
| 9 (RLIN) |
19367 |
| 700 ## - ADDED ENTRY--PERSONAL NAME |
| Personal name |
Mestel, Leon.,ed. |
| 9 (RLIN) |
19368 |
| 942 ## - ADDED ENTRY ELEMENTS (KOHA) |
| Koha item type |
Books |